| 000 | 00830nam a2200241 a 4500 | ||
|---|---|---|---|
| 001 | BRL_795 | ||
| 005 | 20190320210912.0 | ||
| 008 | 071013s1985----mx-a######---#000-0#spa-# | ||
| 020 | _a9686011919 | ||
| 041 | _aspa | ||
| 044 | _amx | ||
| 050 | 4 |
_aLC1772 _b.E38 1985 |
|
| 245 | 1 | 0 |
_aLa educación de la mujer en la Nueva España _bantología _cpreparada por Pilar Gonzalbo. |
| 260 |
_aMéxico _bSEP, Subsecretaría de Cultura, Dirección General de Publicaciones : Ediciones El Caballito _c1985 |
||
| 300 |
_a155 p. _bil. _c21 cm. |
||
| 440 | 0 |
_aBiblioteca Pedagógica _924973 |
|
| 500 | _aAu941 | ||
| 500 | _aEstado físico: Ejemplar con las primeras páginas desprendidas. | ||
| 650 | 1 | 4 |
_aEducación de la mujer _xHistoria _zMéxico _924974 |
| 700 | 1 |
_aGonzalbo, Pilar _d1935- _ecomp. _924975 |
|
| 902 | _aGRL | ||
| 942 |
_2lcc _cB |
||
| 999 |
_c9607 _d9607 |
||